000 00817cam a2200193 i 4500
005 20251217115316.0
008 250721s2002 jo gr 000 0 ara d
082 1 4 _a216.9271
_bم ل ح
100 1 _aملحم، أحمد سالم
_eمؤلف.
245 1 0 _aالتأمين الإسلامي :
_bدراسة فقهية تبين حقيقة التأمين التعاوني بصورتيه النظرية والعملية وممارساته في شركات التأمين الإسلامي /
_cتأليف الدكتور أحمد سالم ملحم.
250 _aالطبعة الأولى.
264 3 1 _aعمان :
_bدار الأعلام،
_c2002.
300 _a279 صفحة.
650 1 7 _aالتأمين.
650 1 7 _aالشركات.
650 1 7 _aالإسلام.
942 _2ddc
_cBK
999 _c17623
_d17623